| 000 | 02734cam a22003614a 4500 | ||
|---|---|---|---|
| 003 | OSt | ||
| 005 | 20210804160803.0 | ||
| 008 | 090923s2009 ck a b 000 0 spa | ||
| 010 | _a 2009481365 | ||
| 020 | _a9789588341149 | ||
| 020 | _a9588341140 | ||
| 035 | _a(BO-CbLA)la0909L4441 | ||
| 040 |
_aDLC _cCO-JMCR _dDLC |
||
| 041 | 0 | _aspa | |
| 050 | 0 | 0 |
_aHG3881.5.I44 _bB53 2009 |
| 082 | 0 | 4 |
_a332.1538 / _bI597b _223 |
| 100 | 1 |
_aEstrada Álvarez, Jairo, _eautor _92094 |
|
| 245 | 1 | 3 |
_aEl BID en América Latina : _b50 años reproduciendo la desigualdad : campo de acción institucional, derecho, transformaciones sociales y globalización / _cJairo Estrada Álvarez, Héctor-León Moncayo, Margarita Flórez Alonso, [y otros 3] |
| 250 | _aPrimera edición | ||
| 260 |
_aBogotá : _bInstituto Latinoamericano de Servicios Legales Alternativos, _c2009. |
||
| 300 |
_a102 páginas : _bilustraciones y gráficas en blanco y negro ; _c24 cm. |
||
| 490 | 0 |
_aSerie Documentos ; _v1 |
|
| 504 | _aBibliografía : páginas 97-102). | ||
| 505 | 0 | _aEl contexto histórico de las labores del BID: autoritarismo y nuevo régimen de acumulación. -- El terrorismo de estado y los fundamentos de la economía de mercado. -- El modelo de sustitución de importaciones al modelo de apertura económica. -- El BID bajo la sombra de Estados Unidos: prescripciones de política, ortodoxia y prioridades de financiamiento. -- Tendencias observadas en América Latina: EL BID, la desigualdad, la globalización asimétrica y el desarrollo precario. -- El BID en Colombia (2003-2007). La producción de la desigualdad y la exacerbación del neoliberalismo. -- Los componentes de estrategia. -- BID 50: hacia la construcción de alternativas frente a su modelo hegemónico de desarrollo. | |
| 520 | 0 | _aEl Convenio constitutivo del Banco Interamericano de Desarrollo señaló hace cincuenta años que el propósito de esta institución consistía en contribuir a acelerar el proceso de desarrollo económico y social, individual y colectivo, de los países miembros regionales en vías de desarrollo. El balance, a medio siglo de la creación del BID, es cuando menos desalentador y desdeñable: En lugar de estimular el desarrollo económico y social, este banco ha estado a lo largo de su historia del lado de los poderosos, financiando la desigualdad. | |
| 610 | 2 | 0 |
_aInter-American Development Bank _xHistory. _939071 |
| 650 | 1 | 4 |
_aBanco Interamericano de Desarrollo _zAmérica Latina _939072 |
| 650 | 2 | 4 |
_aAsistencia económica _zAmérica Latina _939073 |
| 650 | 2 | 4 |
_aGlobalización _zAmérica Latina _939074 |
| 700 | 1 |
_aLeón Moncayo, Héctor-, _eautor _939075 |
|
| 700 | 1 |
_aFlórez Alonso, Margarita, _eautor _939076 |
|
| 942 |
_2ddc _cBK |
||
| 999 |
_c12132 _d12132 |
||